banner-ar

على هامش محاكمات نورمبرج مجرمو الحرب والتعذيب فى ظلال المشانق / (Record no. 55602)

MARC details
000 -الفاتح
حقل البيانات ثابتة الطول 00760nam a2200229Ia 4500
008 - عناصر البيانات ثابتة الطول - معلومات عامة
حقل البيانات ثابتة الطول 140319s9999 xx 000 0 ara d
040 ## - مصدر الفهرسة
وكالة الفهرسة الأصلية GCL /
وكالة النسخ GCL
082 04 - رقم تصنيف ديوى العشرى
رقم التصنيف 348.04
رقم المادة ج ع
100 1# - المدخل الرئيسى - إسم شخصى
الإسم الشخصى احمد رائف
245 10 - بيان العنوان
العنوان على هامش محاكمات نورمبرج مجرمو الحرب والتعذيب فى ظلال المشانق /
بيان المسئوليه,etc احمد رائف
700 1# - المدخل الاضافى - اسم شخصى
الإسم الشخصى جلبرت، ج. م
260 ## - PUBLICATION, DISTRIBUTION, ETC. (IMPRINT)
تاريخ النشر أو التوزيع 1991
300 ## - الوصف المادى
التعداد 734 ص
490 ## - بيان السلسلة
عنوان السلسلة
650 04 - المدخل الاضافى بالموضوع-مصطلح موضوعى
مصطلح موضوعي المانيا
650 04 - المدخل الاضافى بالموضوع-مصطلح موضوعى
مصطلح موضوعي محاكمات جرائم الحرب
650 04 - المدخل الاضافى بالموضوع-مصطلح موضوعى
مصطلح موضوعي النازية
650 04 - المدخل الاضافى بالموضوع-مصطلح موضوعى
مصطلح موضوعي اوربا
650 04 - المدخل الاضافى بالموضوع-مصطلح موضوعى
مصطلح موضوعي الحرب العالمية الثانية 1939 - 1945
942 ## - عناصر المدخل الإضافي( كوها)
مصدر التصنيف او مخطط الترفيف Dewey Decimal Classification
Koha [default] item type كتاب
260 ## - PUBLICATION, DISTRIBUTION, ETC. (IMPRINT)
-- [S.N] :
-- الزهراء للاعلام العربى ،
Holdings
حالة التراجع حالة الفقد حالة تلف ليس للاعارة المكان المؤقت الموقع الحالى تاريخ الاكتساب اجمالي اﻻعارات رقم الطلب الباركود تاريخ اخر مشاهدة تاريخ تفعيل السعر نوع وعاء كوها
        مكتبة القاهرة الكبرى مكتبة القاهرة الكبرى 03/26/2014   348.04\ج ع 133516 03/26/2014 03/26/2014 كتاب
        مكتبة القاهرة الكبرى مكتبة القاهرة الكبرى 03/26/2014   348.04\ج ع 133517 03/26/2014 03/26/2014 كتاب

Powered By

EGPV